书目信息 |
| 题名: |
工程造价管理的理论与方法
|
|
| 作者: | 郭琦 编著 | |
| 分册: | ||
| 出版信息: | 北京 中国电力出版社 2004.1 |
|
| 页数: | 234页 | |
| 开本: | 26cm | |
| 丛书名: | ||
| 单 册: | ||
| 中图分类: | TU723.3 | |
| 科图分类: | ||
| 主题词: | 建筑造价管理--jian zhu zao jia guan li | |
| 电子资源: | ||
| ISBN: | 7-5083-1877-3 | |
| 000 | 00807nam0 2200229 45 | |
| 001 | 012004105346 | |
| 005 | 20061229144258.75 | |
| 010 | @a7-5083-1877-3@dCNY25.00 | |
| 100 | @a20040410d2004 em y0chiy0121 ea | |
| 101 | 0 | @achi |
| 102 | @aCN@b110000 | |
| 105 | @ak a 000yy | |
| 200 | 1 | @a工程造价管理的理论与方法@Agong cheng zao jia guan li de li lun yu fang fa@f郭琦编著 |
| 210 | @a北京@c中国电力出版社@d2004.1 | |
| 215 | @a234页@d26cm | |
| 320 | @a有书目 (第233页) | |
| 330 | @a本书从项目建设过程中工程造价的预测、优化、控制、分析、监督等方面进行阐述和研究, 帮助项目管理人员掌握获得资源的最优配置和建设项目最大的投资效益的方法。 | |
| 606 | 0 | @a建筑造价管理@Ajian zhu zao jia guan li |
| 690 | @aTU723.3@v4 | |
| 701 | 0 | @a郭琦@Aguo qi@4编著 |
| 801 | 0 | @aCN@c20061229 |
| 905 | @a10447@dTU723.3@eG823 | |
| 工程造价管理的理论与方法/郭琦编著.-北京:中国电力出版社,2004.1 |
| 234页;26cm |
| ISBN 7-5083-1877-3:CNY25.00 |
| 本书从项目建设过程中工程造价的预测、优化、控制、分析、监督等方面进行阐述和研究, 帮助项目管理人员掌握获得资源的最优配置和建设项目最大的投资效益的方法。 |
| ● |
| 相关链接 |
|
|
|
正题名:工程造价管理的理论与方法
索取号:TU723.3/G823
 
预约/预借
| 序号 | 登录号 | 条形码 | 馆藏地/架位号 | 状态 | 备注 |
| 1 | 640837 | 206408378 | 建筑库201/201建筑库 34排2列4层/ [索取号:TU723.3/G823] | 在馆 | |
| 2 | 640838 | 206408387 | 建筑库201/201建筑库 34排2列4层/ [索取号:TU723.3/G823] | 在馆 | |
| 3 | 640839 | 206408396 | 建筑库201/201建筑库 34排2列4层/ [索取号:TU723.3/G823] | 在馆 |